| 000 | 00672nam a2200241Ia 4500 | ||
|---|---|---|---|
| 003 | OSt | ||
| 005 | 20220924115425.0 | ||
| 006 | a|||||r|||| 00| 0 | ||
| 007 | ta | ||
| 008 | 220923b |||||||| |||| 00| 0 hin d | ||
| 024 | _a145881 | ||
| 037 | _cTextual | ||
| 040 |
_aARTS _cARTS _bhin |
||
| 041 |
_2hin _ahin |
||
| 082 | _aY73(Q3):1.C, 152N1(P15) | ||
| 100 |
_aSadhana _9178194 |
||
| 245 | 0 | _aApabhramsha ka Jain sahitya aur Jivan mulya | |
| 260 |
_aDelhi _bBharatiya Vidya Parkashan _c1991 |
||
| 300 |
_axiii, 328p. _ccm. |
||
| 650 | _aSOCIOLOGY | ||
| 942 |
_hY73(Q3):1.C, 152N1(P15) _cTEXL _2CC |
||
| 999 |
_c398275 _d398275 |
||